| 000 | 01429cam a2200421 a 4500 | ||
|---|---|---|---|
| 001 | 7139224 | ||
| 003 | OSt | ||
| 005 | 20211103114103.0 | ||
| 006 | m o d | ||
| 007 | cr zn| | ||
| 008 | 090216s2005 nyua sbf 001 0 eng d | ||
| 020 | _z0071436898 | ||
| 035 | _a(CtWfDGI)bke00029864 | ||
| 035 | _a(NNC)7139224 | ||
| 038 | _akhadija | ||
| 040 |
_aCtWfDGI _beng _cCtWfDGI |
||
| 050 | 1 | 4 |
_aTJ230 _b.B87 2005eb |
| 082 | 0 | 4 |
_a621.815 BRO _222 |
| 100 | 1 |
_aBrown, Jr.Thomas H. _981188 |
|
| 245 | 1 | 0 |
_aMarks Calculations for Machine Design / _cThomas H. Brown, Jr. |
| 246 | 3 | 0 | _aCalculations for Machine Design |
| 246 | 1 | 3 | _aMarks Standard Calculations for Mechanical Engineers |
| 256 | _aComputer document. | ||
| 260 |
_aNew York : _bMcGraw-Hill, _cc2005 _e(Norwood, Mass. : _fBooks24x7.com [generator]) |
||
| 500 | _aTitle from title screen. | ||
| 504 | _aIncludes bibliographical references and index. | ||
| 516 | _aText. | ||
| 530 | _aAvailable also in a print ed. | ||
| 538 | _aMode of access: Internet via World Wide Web. | ||
| 550 | _aDigitized and made available by: Books24x7.com. | ||
| 563 | _ahard cover | ||
| 650 | 0 |
_aMachine design _vHandbooks, manuals, etc. _955859 |
|
| 655 | 7 |
_aElectronic books. _2lcsh _9621 |
|
| 710 | 2 |
_aBooks24x7, Inc. _925470 |
|
| 856 | 4 | 0 |
_uhttp://www.columbia.edu/cgi-bin/cul/resolve?clio7139224 _zClick here for full text. |
| 942 |
_2ddc _cBK |
||
| 999 |
_c31731 _d31731 |
||